LAW OF WRITS (Record no. 9654)

MARC details
000 -LEADER
fixed length control field 00316nam a22001457a 4500
003 - CONTROL NUMBER IDENTIFIER
control field SGT
082 ## - DEWEY DECIMAL CLASSIFICATION NUMBER
Classification number 342.850954,CHA
100 ## - MAIN ENTRY--PERSONAL NAME
Personal name CHAUDHARY,A.S
245 ## - TITLE STATEMENT
Title LAW OF WRITS
250 ## - EDITION STATEMENT
Edition statement 5TH
260 ## - PUBLICATION, DISTRIBUTION, ETC. (IMPRINT)
Place of publication, distribution, etc KOTHI
Name of publisher, distributor, etc LAW PUBLICATION
Year of Publication 2005
300 ## - PAGE DESCRIPTION
No. of Pages 1658
650 ## - SUBJECT ADDED ENTRY--TOPICAL TERM
Topical term or geographic name as entry element JURISDICTION AND ITS EFFICACY
942 ## - ADDED ENTRY ELEMENTS (KOHA)
Source of classification or shelving scheme Dewey Decimal Classification
Koha item type Books
Holdings
Withdrawn status Lost status Source of classification or shelving scheme Damaged status Not for loan Collection code Home library Current library Shelving location Date acquired Vendor Name SGTU Full call number Accession No. (Barcode) Date last seen Bill Date Koha item type
    Dewey Decimal Classification   Not For Loan LAW SGT Science & Social Sciences Library SGT Science & Social Sciences Library Reference Book 26/07/2016 GIFT BY DR. DILIP SINGH SGTU 342.850954,CHA FL248 26/07/2016 26/07/2016 Books